Movies Quiz

Random Movies Quiz

Cary Grant Movies Quiz Stats

 Plays Quiz not verified by Sporcle

Challenge
Share
Tweet
Embed
Score 0/24 Timer 10:00
0 Plays Today
% Correct
north by northwest
96.4%
Bringing up baby
82.1%
notorious
78.6%
charade
78.6%
the philadelphia story
75%
father goose
75%
to catch a thief
71.4%
suspicion
67.9%
arsenic and old lace
64.3%
an affair to remember
57.1%
walk don't run
57.1%
His girl friday
53.6%
% Correct
Holiday
50%
She done him wrong
46.4%
Gunga Din
42.9%
operation petticoat
42.9%
the bishop's wife
39.3%
penny serenade
35.7%
i was a male war bride
32.1%
monkey business
32.1%
none but the lonely heart
28.6%
people will talk
17.9%
Alice in Wonderland
10.7%
Madame Butterfly
7.1%

You're not logged in!

Compare scores with friends on all Sporcle quizzes.
Join for Free
OR
Log In

You Might Also Like...

Show Comments

Extras

Created Sep 1, 2012ReportNominate
Tags:Cary Grant

Top Quizzes Today


Score Distribution

Your Account Isn't Verified!

In order to create a playlist on Sporcle, you need to verify the email address you used during registration. Go to your Sporcle Settings to finish the process.

Report this User

Report this user for behavior that violates our Community Guidelines.

Details: